| 000 | 00721nam a2200241Ia 4500 | ||
|---|---|---|---|
| 003 | IN-BaIIA | ||
| 008 | 211028s9999 xx 000 0 eng d | ||
| 040 | _cIIA Library | ||
| 080 |
_a083.8:52 _bJAM |
||
| 110 |
_aEuropean Space Agency _98212 |
||
| 245 | 0 |
_aUltraviolet bright star spectrometric catalogue _cedited by C. Jamar… [et al.] |
|
| 260 |
_aParis _bEuropean Space Agency _c1976 |
||
| 300 | _a489p. | ||
| 650 |
_aBright Stars _98213 |
||
| 650 |
_aCatalogue-Stars _9966 |
||
| 650 | _aNASA Thesaurus | ||
| 650 |
_aStar-Catalogues _98214 |
||
| 700 |
_aJamar, C., ed. _98215 |
||
| 700 |
_aMacau-Hercot, D., ed. _98216 |
||
| 700 |
_aMonfils, A., ed. _98217 |
||
| 700 |
_aThompson, G. I., ed. _98218 |
||
| 942 | _cBK | ||
| 999 |
_c4642 _d4642 |
||